Villages : John Updike

Bibliographic Details
Main Author: Updike, John
Format: Book
Published: London : Penguin books , 2005
Subjects:

MARC

LEADER 00000cam a2200000 7i4500
001 0000023876
005 20090607.0
008 090607
020 |a 0141024097 
090 0 0 |a UPD   |b ENG 
100 1 |a Updike, John 
245 1 0 |a Villages :   |b John Updike 
260 |a London :   |b Penguin books ,   |c 2005 
650 0 |a English fiction 
999 |a 0001037592   |b Book   |c Adult Collection   |e Perbadanan Perpustakaan Awam Johor 
999 |a 0001037593   |b Book   |c Adult Collection   |e Perbadanan Perpustakaan Awam Johor 
999 |a 0001037595   |b Book   |c Adult Collection   |e Perbadanan Perpustakaan Awam Johor